La poliarquía (Record no. 51361)

MARC details
000 -LEADER
campo de control de longitud fija 00616nam a2200193 i 4500
001 - NÚMERO DE CONTROL
campo de control 51361
003 - IDENTIFICADOR DE NÚMERO DE CONTROL
campo de control ES-MaACL
005 - FECHA Y HORA DE LA ÚLTIMA TRANSACCIÓN
campo de control 20230906162337.0
007 - CAMPO FIJO DE DESCRIPCIÓN FÍSICA--INFORMACIÓN GENERAL
campo de control de longitud fija t|
008 - DATOS DE LONGITUD FIJA--INFORMACIÓN GENERAL
campo de control de longitud fija 030812s1974 sp ||||1| spa d
100 1# - ENTRADA PRINCIPAL--NOMBRE DE PERSONA
Nombre de persona Dahl, Robert Alan.
9 (RLIN) 42441
245 13 - MENCIÓN DEL TÍTULO
Título La poliarquía
Resto del título : participación y oposición /
Mención de responsabilidad, etc. Robert A. Dahl ; [traductora, Julia Moreno].
260 ## - PUBLICACIÓN, DISTRIBUCIÓN, ETC.
Lugar de publicación, distribución, etc. Madrid :
Nombre del editor, distribuidor, etc. Guadiana,
Fecha de publicación, distribución, etc. [1971]
300 ## - DESCRIPCIÓN FÍSICA
Extensión 268 p. :
Otras características físicas il. ;
Dimensiones 21 cm.
490 1# - MENCIÓN DE SERIE
Mención de serie Biblioteca universitaria Guadiana
830 0# - PUNTO DE ACCESO ADICIONAL DE SERIE-TÍTULO UNIFORME
Título uniforme Biblioteca universitaria Guadiana
9 (RLIN) 180795
852 ## - LOCALIZACIÓN
Ubicación ES-MaACL
Número de control de estantería C-56736
Sublocalización o colección R.89618
Holdings
Estatus retirado Estado de pérdida Estado de daño No para préstamo Biblioteca de origen Biblioteca actual Ubicación en estantería Fecha de adquisición Fuente de adquisición Total de préstamos Signatura topográfica completa Código de barras Visto por última vez Precio de reemplazo Tipo de ítem Koha
        Biblioteca del Ateneo de Madrid Biblioteca del Ateneo de Madrid Depósito 2 17/01/2008     C-56736 1054017 23/02/2023 23/02/2023 Libro impreso